000 00702cam a2200241 4500
008 090401t1998 xxu||||| |||| 00| 0 eng d
020 _a1860812201
035 _a(Sirsi) u88262
041 _aeng
050 _a690
110 _aBuilding Research Establishment
245 _aFlat roofs : assessing bitumen felt and mastic asphalt roofs for repair.
260 _aLondon
_bConstruction Research Communications Ltd
_c1998
300 _a6p. : ill. ; 30cm.
350 _a0
490 _aBRE Good Repair Guide
_v16 part 1
650 _aFLAT ROOFS
650 _aREPAIRS
650 _aROOFING
690 _aBUILDING AND CONSTRUCTION-REPAIRS AND MAINTENANCE
942 _n0
948 _c03/09/1998
999 _c97315
_d97315